Catalog

Record Details

Catalog Search



Record details

  • ISBN: 9781467713597 (library binding : alkaline paper)
  • ISBN: 1467713597 (library binding : alkaline paper)
  • ISBN: 1467715425
  • ISBN: 9781467715423
  • Physical Description: 32 pages : color illustrations ; 27 cm.
  • Publisher: Minneapolis, Minn. : Lerner Publications Company, ©2014

Content descriptions

Bibliography, etc. Note:
Includes bibliographical references (page 31) and ... Read More
Formatted Contents Note:
Body Armor -- Tails : Spikes or Clubs -- Two Legs ... Read More
Summary, etc.:
A dinosaur with an armored back chomps on plants. ... Read More
Target Audience Note:
Age 5 to 8.
Subject: Stegosaurus > Juvenile literature.
Ankylosaurus > Juvenile literature.
Dinosaurs > Juvenile literature.
Stegosaurus.
Ankylosaurus.
Dinosaurs.
Ankylosaurus.
Dinosaurs.
Stegosaurus.
Genre: Juvenile works.
LDR 02416cam a2200541 i 4500
001164917
003LARL_NWRL_CONSORTIUM
00520140416154909.0
008130312s2014 mnua b b 001 0 eng
019 . ‡a827694625
020 . ‡a9781467713597 (library binding : alkaline paper)
020 . ‡a1467713597 (library binding : alkaline paper)
020 . ‡a1467715425
020 . ‡a9781467715423
035 . ‡a(OCoLC)827694527 ‡z(OCoLC)827694625
08204. ‡a567.915 ‡223
1001 . ‡aSilverman, Buffy. ‡0(LARL_NWRL_CONSORTIUM)206854
24510. ‡aCan you tell a stegosaurus from an ankylosaurus? / ‡cBuffy Silverman.
260 . ‡c©2014
260 . ‡aMinneapolis, Minn. : ‡bLerner Publications Company, ‡c2014.
300 . ‡a32 pages : ‡bcolor illustrations ; ‡c27 cm.
336 . ‡atext ‡2rdacontent
337 . ‡aunmediated ‡2rdamedia
338 . ‡avolume ‡2rdacarrier
4900 . ‡aLightning bolt books. Dinosaur look-alikes
5211 . ‡aAge 5 to 8.
504 . ‡aIncludes bibliographical references (page 31) and index.
5050 . ‡aBody Armor -- Tails : Spikes or Clubs -- Two Legs or Four? -- Finding Food -- Dino Diagrams -- Glossary.
520 . ‡aA dinosaur with an armored back chomps on plants. It swings its tail at a hungry meat eater. Was that a Stegosaurus? Or was it an Ankylosaurus? These dinosaurs looked similar, but they were very different. Read this book to become an expert at telling these look-alikes apart!
650 0. ‡aStegosaurus ‡vJuvenile literature. ‡0(LARL_NWRL_CONSORTIUM)175294
650 0. ‡aAnkylosaurus ‡vJuvenile literature.
650 0. ‡aDinosaurs ‡vJuvenile literature. ‡0(LARL_NWRL_CONSORTIUM)164584
650 1. ‡aStegosaurus. ‡0(LARL_NWRL_CONSORTIUM)36377
650 1. ‡aAnkylosaurus. ‡0(LARL_NWRL_CONSORTIUM)13575
650 1. ‡aDinosaurs. ‡0(LARL_NWRL_CONSORTIUM)18556
650 7. ‡aAnkylosaurus. ‡2fast ‡0(LARL_NWRL_CONSORTIUM)13575
650 7. ‡aDinosaurs. ‡2fast ‡0(LARL_NWRL_CONSORTIUM)18556
650 7. ‡aStegosaurus. ‡2fast ‡0(LARL_NWRL_CONSORTIUM)36377
655 7. ‡aJuvenile works. ‡2fast
901 . ‡a164917 ‡bOCLC ‡c164917 ‡tbiblio

Additional Resources